Najlepsi strzelcy Ekstraklasy od sezonu 2003/2004 - Statystyki

Ogólne statystyki
  • Ten quiz został rozwiązany 142 razy
  • Średni wynik to 8 z 15
Statystyki odpowiedzi
Sezon Zawodnik % Poprawnych
2013/2014 Marcin Robak
84%
2009/2010 Robert Lewandowski
82%
2017/2018 Carlitos
74%
2007/2008 Paweł Brożek
69%
2015/2016 Nemanja Nikolić
67%
2004/2005 Tomasz Frankowski
62%
2010/2011 Tomasz Frankowski
62%
2003/2004 Maciej Żurawski
58%
2011/2012 Artjoms Rudnevs
55%
2016/2017 (podaj dwóch zawodników) Marcin Robak i Marco Paixao
54%
2012/2013 Robert Demjan
40%
2008/2009 (podaj dwóch zawodników) Paweł Brożek i Takesure Chinyama
37%
2006/2007 Piotr Reiss
36%
2014/2015 Kamil Wilczek
31%
2005/2006 Grzegorz Piechna
23%
Nie znaleziono quizów pasujących do podanych kryteriów
Rozkład punktacji
Procent ludzi z każdym wynikiem
Percentyl według liczby udzielonych odpowiedzi
Twoja historia wyników
Nie rozwiązałeś tego quizu